00696nam a2200217Ia 450000500170000000800410001704000190005804100120007708200150008910000190010424500680012325000090019126000470020030000150024750400540026265000270031685000100034394200070035399900160036095201020037620230118142610.0131103s9999 xx 000 0 und d aLoreto College aEnglish a954.1bBAR aBarpujari,H.K. aProblem of the hill tribes North - East FrontiercH.K.Barpujari a1ed. aGauhati : AssambLawyer's Book Stallc1970 axi,211 p.  aIncludes appendix,glossary,bibliography and index aAncient Indian History aLCLIB cBK c8909d59388 00102ddc4070aMAINbMAINd2013-11-04l0o954.01 BAR 19146pB8784r2013-11-04w2013-11-04yBKf